LEADER 00845nam0 2200277 450 001 000001661 005 20090219102417.0 100 $a20000911d1967----km-y0itay50------ba 101 1 $aita 102 $aIT 200 1 $a<>economia del 20. secolo$fFrançois Perroux 210 $a[Milano]$cEtas Kompass$dc1967 215 $a636 p.$d22 cm 225 2 $aBiblioteca di studi economici$v9 304 $aTit. orig.: L'économie du 20. siècle 314 $aTrad. di Maria José Cambieri e Anna Righini 410 0$12001$aBiblioteca di studi economici 454 0$1001000023225 610 1 $aEconomia 676 $a330.1 700 1$aPerroux,$bFrançois$0148753 801 0$aIT$bUNIPARTHENOPE$gRICA$2UNIMARC 912 $a000001661 951 $cNAVA1$aBSE 330/9$b18370$d20000915 996 $aEconomia del 20. secolo$9202508 997 $aUNIPARTHENOPE LEADER 00901nam0-22003131i-450- 001 990007401930403321 010 $a88-15-06031-6 035 $a000740193 035 $aFED01000740193 035 $a(Aleph)000740193FED01 035 $a000740193 100 $a20030326d1997----km-y0itay50------ba 101 $aita 102 $aIT 105 $ay-------001yy 200 1 $a<>problema della guerra e le vie della pace$fNorberto Bobbio 205 $a4. ed. 210 $aBologna$cIl Mulino$d1997 215 $aXVI,163 p.$d22 cm 225 1 $aSaggi il Mulino$v274 676 $a303.66$v11$zita 700 1$aBobbio,$bNorberto$f<1909-2004>$024662 801 0$aIT$bUNINA$gRICA$2UNIMARC 901 $aBK 912 $a990007401930403321 951 $aXI D B 10(61)$eDip.to Filosofia dei Diritti$fdfd 959 $aDFD 996 $aProblema della Guerra e le Vie della Pace$9509425 997 $aUNINA LEADER 00986nam0-2200349---450- 001 990008183380403321 005 20050912120420.0 010 $a88-430-2473-6 035 $a000818338 035 $aFED01000818338 035 $a(Aleph)000818338FED01 035 $a000818338 100 $a20050912d--------km-y0itay50------ba 101 0 $aita 102 $aIT 105 $a--------001yy 200 1 $a<>consumi$euna questione di genere$fcura di Angiolina Arru e Maria Stella 210 $aRoma$cCarocci$d2003 215 $a303 p.$cill.$d22 cm 225 1 $aStudi storici Carocci$v33 610 0 $aConsumo -Aspetti socio-culturali - Storia 610 0 $aDonne - Consumi - Aspetti socio-culturali 676 $a306.3082 702 1$aStella,$bMaria 702 1$aArru,$bAngiolina 801 0$aIT$bUNINA$gRICA$2UNIMARC 901 $aBK 912 $a990008183380403321 952 $aSE117.03.52-$b4779D$fDECSE 959 $aDECSE 996 $aConsumi$9735263 997 $aUNINA LEADER 00934nam0-2200289---450- 001 990009781610403321 005 20131029092725.0 035 $a000978161 035 $aFED01000978161 035 $a(Aleph)000978161FED01 035 $a000978161 100 $a20131029d1987----km-y0itay50------ba 101 0 $aita 102 $aIT 105 $a--------001yy 200 1 $aGuida alla dichiarazione dei redditi mod.740/87$eLa nuova curva delle aliquote.Come sono cambiate le detrazioni.I coefficienti catastali aggiornati.$fFranchi Roberto-Scaglione Antonio 210 $aMilano$cPirola Editore$d1987 215 $a229 p.$d24 cm. 700 1$aFranchi,$bRoberto$0521197 701 1$aScaglione,$bAntonio$0227787 801 0$aIT$bUNINA$gRICA$2UNIMARC 901 $aBK 912 $a990009781610403321 952 $aDT IV/73$b11179$fDEC 959 $aDEC 996 $aGuida alla dichiarazione dei redditi mod.740$9833011 997 $aUNINA LEADER 04695nam 2200661 450 001 9910808845603321 005 20200514202323.0 010 $a1-4742-5957-X 010 $a1-4742-5955-3 024 7 $a10.5040/9781474259576 035 $a(CKB)3840000000339115 035 $a(MiAaPQ)EBC5226721 035 $a(OCoLC)1019900774 035 $a(CaBNVSL)9781474259576 035 $a(Au-PeEL)EBL5226721 035 $a(CaPaEBR)ebr11500462 035 $a(EXLCZ)993840000000339115 100 $a20190429e20192018 uy 0 101 0 $aeng 135 $aur|n#|||||||| 181 $ctxt$2rdacontent 181 $csti$2rdacontent 182 $cc$2rdamedia 183 $acr$2rdacarrier 200 00$aCraft economies /$fedited by Susan Luckman and Nicola Thomas 205 $aFirst edition. 210 1$aLondon, England :$cBloomsbury Publishing,$d2018. 215 $a1 online resource (234 pages) $cillustrations 300 $aIncludes index. 311 $a1-4742-5953-7 320 $aIncludes bibliographical references and index. 327 $aCrafting economies : contemporary cultural economies of the handmade -- Susan Luckman and Nicola Thomas -- Crafts community : physical and virtual -- Xin Gu -- Fast forward : design economies and practice in the near future -- Marzia Mortati -- Craft, collectivity and event-time -- Katve-Kaisa Kontturi -- 'Buy a hat, save a life' : commodity activism, fair trade and crafting economies of change -- Lisa A. Daily -- Towards a politics of making : reframing material work and locating skill in the Anthropocene -- Chris Gibson and Chantel Carr -- Dichotomies in textile making : employing digital technology and retaining authenticity -- Sonja Andrew and Kandy Diamond -- People have the power : appropriate technology and the implications of labour-intensive making -- Gabriele Oropallo -- The ghost potter : vital forms and spectral marks of skilled craftsmen in contemporary tableware -- Ezra Shales -- Our future is in the making : trends in craft education, practice and policy -- Julia Bennett -- Establishing the crafting self in the contemporary creative economy -- Susan Luckman and Jane Andrew -- Handmaking your way out of poverty? : craftwork's potential and peril as a strategy for poverty alleviation in Rockford, Illinois -- Jessica R. Barnes -- Interrogating localism : what does 'made in Portland' really mean? -- Steve Marotta and Charles Heying -- Policy, locality and networks in a cultural and creative countryside : the case of Jingdezhen, China -- Zhen Troy Chen -- Design recycle meets the product introduction hall : craft, locality and agency in northern Japan -- Sarah Teasley -- Crafted places -- places for craft : pop-up and the politics of the 'crafted' city -- Ella Harris -- Knitting and crochet as experiment : exploring social and material practices of computation and craft -- Gail Kenning and Jo Law -- Towards new modes of knowledge production : makerspaces and emerging maker practices -- Angelina Russo -- The post digital : contemporary making and the allure of the genuine -- Keith Doyle, H?el?ene Day Fraser and Philip Robins -- Crafting code : gender, coding and spatial hybridity in the events of PyLadies Dublin -- Sophia Maalsen and Sung-Yueh Perng. 330 8 $aCraft Economies provides a wide-ranging exploration of contemporary craft production, situating practices of amateur and professional making within a wider creative economy. Contributors address a diverse range of practices, sites and forms of making in a wide range of regional and national contexts, from floristry to ceramics and from crochet to coding. The volume considers the role of digital practices of making and the impact of the maker's movement as part of larger trends around customisation, on-demand production, and the possibilities of 3D printing and digital manufacturing. 606 $aArtisans 606 $aDecoration and ornament 606 $aHandicraft industries 606 $aHandicraft$xEconomic aspects 606 $aHandicraft 606 $2History of art / art & design styles 610 0$aCraft Practice (Design) 610 0$aProduct Design 610 0$aTechnology and Techniques (Design) 610 0$aTextile Technology 615 0$aArtisans. 615 0$aDecoration and ornament. 615 0$aHandicraft industries. 615 0$aHandicraft$xEconomic aspects. 615 0$aHandicraft. 676 $a745.4 702 $aLuckman$b Susan 702 $aThomas$b Nicola$f1974- 801 0$bYDX 801 1$bCaBNVSL 801 2$bUkLoBP 906 $aBOOK 912 $a9910808845603321 996 $aCraft economies$91853448 997 $aUNINA LEADER 01536nam 2200433z- 450 001 9910689698903321 005 20161209102844.0 035 $a(CKB)5860000000025331 035 $a(BIP)008704236 035 $a(EXLCZ)995860000000025331 100 $a20220406c2003uuuu -u- - 101 0 $aeng 200 10$aHomeland security $eassessing the needs of local law enforcement : hearing before the Subcommittee on Crime and Drugs of the Committee on the Judiciary, United States Senate, One Hundred Seventh Congress, second session, March 21, 2002 215 $a1 online resource (iii, 80 p.) 311 $a0-16-069816-2 517 $aHomeland security 606 $aLaw enforcement$zUnited States$xFinance 606 $aCommunity policing$zUnited States 606 $aFederal aid to law enforcement agencies$zUnited States 606 $aCrime prevention$zUnited States$xFinance 606 $aCivil defense$zUnited States 610 $aLaw enforcement 610 $aCommunity policing 610 $aEconomic assistance, domestic 610 $aCrime prevention 610 $aCivil defense 610 $aFinance 610 $aPolitical science 610 $aSocial science 610 $aBusiness & economics 615 0$aLaw enforcement$xFinance. 615 0$aCommunity policing 615 0$aFederal aid to law enforcement agencies 615 0$aCrime prevention$xFinance. 615 0$aCivil defense 906 $aBOOK 912 $a9910689698903321 996 $aHomeland Security$91686681 997 $aUNINA LEADER 00822nam a2200193 i 4500 001 991004382118307536 005 20250528115842.0 008 250528s1929 fr er 001 0 fre d 040 $aBibl. Dip.le Aggr. Studi Umanistici - Sez. Filosofia$bita$cSocioculturale Scs 041 0 $afre 082 04$a273.7$223 100 1 $aPréclin, Edmond$0412036 245 14$aLes jansenistes du 18. siecle et la Constitution civile du Clerge :$ble developpement du richerisme, sa propagation dans le Bas Clerge, 1713-1791 /$cE. Preclin 260 $aParis :$bLibrairie universitaire J. Gamber,$c1929 300 $aXXXI, 578 p., [4] carte di tav. :$bill. ;$c25 cm 650 4$aGiansenismo$zSec. 18.$xStoria 912 $a991004382118307536 996 $aJansenistes du 18. siecle et la Constitution civile du Clerge$94383646 997 $aUNISALENTO